Manorog Karan Ate Ilaz (ਮਨੋਰੋਗ ਕਾਰਨ ਅਤੇ ਇਲਾਜ਼) (Record no. 9992)
[ view plain ]
| 000 -LEADER | |
|---|---|
| fixed length control field | 00479nam a22001457a 4500 |
| 003 - CONTROL NUMBER IDENTIFIER | |
| control field | OSt |
| 005 - DATE AND TIME OF LATEST TRANSACTION | |
| control field | 20240404121424.0 |
| 008 - FIXED-LENGTH DATA ELEMENTS--GENERAL INFORMATION | |
| fixed length control field | 240404b |||||||| |||| 00| 0 eng d |
| 040 ## - CATALOGING SOURCE | |
| Transcribing agency | Central Library MRSPTU |
| 100 ## - MAIN ENTRY--PERSONAL NAME | |
| Personal name | Balwinder Singh Jawandha (ਬਲਵਿੰਦਰ ਸਿੰਘ ਜਵੰਦਾ) |
| 245 ## - TITLE STATEMENT | |
| Title | Manorog Karan Ate Ilaz (ਮਨੋਰੋਗ ਕਾਰਨ ਅਤੇ ਇਲਾਜ਼) |
| 260 ## - PUBLICATION, DISTRIBUTION, ETC. | |
| Place of publication, distribution, etc. | Punjab |
| Name of publisher, distributor, etc. | Tarksheel Society Punjab |
| 300 ## - PHYSICAL DESCRIPTION | |
| Extent | 140 |
| 942 ## - ADDED ENTRY ELEMENTS (KOHA) | |
| Source of classification or shelving scheme | Dewey Decimal Classification |
| Koha item type | Book |
| Suppress in OPAC | No |
| Withdrawn status | Lost status | Source of classification or shelving scheme | Damaged status | Not for loan | Collection | Home library | Current library | Date acquired | Total checkouts | Barcode | Date last seen | Price effective from | Koha item type |
|---|---|---|---|---|---|---|---|---|---|---|---|---|---|
| Dewey Decimal Classification | BK | MRSPTU Central Library | MRSPTU Central Library | 04/04/2024 | G-160 | 04/04/2024 | 04/04/2024 | Book |
